| 000 | 00000nas##2200000za#4500 |
|---|---|
| 001 | 9.514552 |
| 003 | CaOODSP |
| 005 | 20200325125918 |
| 007 | ta |
| 008 | 150406c2000||||xxc|| m #||||f| |0eng|d |
| 022 | |a1496-368X |
| 040 | |aCaOODSP|beng |
| 043 | |an-cn--- |
| 086 | 1 |aEn152-2E |
| 110 | 1 |aCanada. |bEnvironment Canada. |bEnvironmental Protection Service. |
| 245 | 10|aP2 fact sheets |
| 260 | |aMontreal - Quebec : |bEnvironment Canada. |
| 563 | |aPamphlet |
| 775 | 08|tFiches P2 |w(CaOODSP)9.512954 |
| 776 | 0#|tP2 fact sheets |w(CaOODSP)9.506478 |